Featured Quizzes - Sudden Death #3 - Statistics

General Stats
  • This quiz has been taken 35 times
    17 since last reset
  • The average score is 2 of 20
Answers on the Grid
Answers color-coded by a green-red scale on the quiz's grid according to % correct below.
May Smart People's Quiz
Biggest Coastal City by U.S. State
Spouses of World Leaders
U.S. Presidents Who Added the Most Territory
CrazyWombat's Name that War
Emirates of the United Arab Emirates
U.S. States with Exactly One Major Pro Sports Team
U.S. Cities that Americans Leave
U.S. Coastal Cities > 100,000 Population
Brightest Objects in the Sky
Not Quite A Movie Title - James Bond
16 Questions that Prove that Physics Makes No Sense
Countries with Extra Women
Benevolent Dictators and Enlightened Despots
Most Viewed Pre-Modern People on Wikipedia
100 Most Popular Pub Names in the UK
Canada Provinces by Abbreviation
Girls of Mambo Number 5
Parties (Mostly Political)
Top 11 Most Catholic U.S. States
U.S. States - Learning Mode
Countries With Most Slavery
London Underground Stations
How many times can you type UZBEKISTAN in 15 Seconds?
Does it Save?
Notre Dame Fighting Irish Football Trivia
Most Common Words In Featured Jetpunk Blog Titles
Letters on a Keyboard - Map Quiz
What's That Lego Piece? - Click Quiz
LEGO Licensed Themes
Countries with Egyptian Vultures
Sealand Country Quiz
The Breakfast Club
Burnout Paradise - Map Quiz
Click to Translate - Zulu
 
Answer Stats
Answer % Correct
100 Most Popular Pub Names in the UK
30%
U.S. States with Exactly One Major Pro Sports Team
30%
Countries with Extra Women
20%
Spouses of World Leaders
20%
Top 11 Most Catholic U.S. States
20%
Benevolent Dictators and Enlightened Despots
10%
Biggest Coastal City by U.S. State
10%
Brightest Objects in the Sky
10%
Canada Provinces by Abbreviation
10%
Emirates of the United Arab Emirates
10%
May Smart People's Quiz
10%
Not Quite A Movie Title - James Bond
10%
Parties (Mostly Political)
10%
U.S. Cities that Americans Leave
10%
U.S. Coastal Cities > 100,000 Population
10%
U.S. Presidents Who Added the Most Territory
10%
16 Questions that Prove that Physics Makes No Sense
0%
CrazyWombat's Name that War
0%
Girls of Mambo Number 5
0%
Most Viewed Pre-Modern People on Wikipedia
0%
No matching quizzes found
Score Distribution
Percent of People with Each Score
Percentile by Number Answered
Your Score History
You have not taken this quiz since the last reset